[Event "Indywidualne Mistrzostwa Polski Juniorek - D16"]
[Site "Szczyrk"]
[Date "2013-03-19"]
[Round "4.1"]
[White "Harazinska, Ewa"]
[Black "Wozniak, Mariola"]
[Result "1-0"]
[WhiteTitle "k"]
[BlackTitle "WCM"]
[WhiteElo "2019"]
[BlackElo "1982"]

1. e4 c5 2. c3 Nf6 3. e5 Nd5 4. Nf3 Nc6 5. d4 cxd4 6. Bc4 Nb6 7. Bb3 d6 8. exd6
Qxd6 9. O-O e6 10. cxd4 Be7 11. Nc3 Nb4 12. Re1 O-O 13. Bg5 Bxg5 14. Nxg5 Bd7
15. Nce4 Qf4 16. Qh5 h6 17. Re3 Bc6 18. Rf3 Qc7 19. Nf6+ Kh8 20. Rh3 N6d5 21.
Rf3 Nxf6 22. Rxf6 Kg8 23. Rxh6 gxh6 24. Qxh6 Rfe8 25. Nh7 f5 26. Nf6+ Kf7 27.
Qh7+ Kxf6 28. Qxc7 Be4 29. Qe5+ Kf7 30. Qd6 Nc6 31. d5 Rad8 32. dxe6+ Kf6 33.
Qf4 Rg8 34. f3 Nd4 35. Qh6+ Rg6 36. Qh4+ Rg5 37. Bd1 Bxf3 38. e7 1-0

[Event "Indywidualne Mistrzostwa Polski Juniorek - D16"]
[Site "Szczyrk"]
[Date "2013-03-19"]
[Round "4.3"]
[White "Pastuszko, Kinga"]
[Black "Bebnik, Malgorzata"]
[Result "0-1"]
[WhiteTitle "k"]
[BlackTitle "II+"]
[WhiteElo "1917"]
[BlackElo "1503"]

1. e4 e5 2. Nf3 Nc6 3. Bc4 Bc5 4. d3 h6 5. Nbd2 d6 6. c3 Nf6 7. Bb3 O-O 8. h3 Bb6
9. g4 Ne7 10. Nf1 Be6 11. Bc2 c6 12. Ng3 Qc7 13. g5 hxg5 14. Nxg5 Ng6 15. Nh5
Qe7 16. Rg1 Nh7 17. Nxh7 Kxh7 18. Bg5 f6 19. Nxf6+ Rxf6 20. Qh5+ Kg8 21. Bxf6
Qxf6 22. Rxg6 Qxf2+ 23. Kd1 Bf7 24. Bb3 d5 25. d4 exd4 26. Qg4 Bxg6 27. Qxg6 Rf8
28. Kc1 dxc3 29. bxc3 Be3+ 30. Kb1 Qd2 31. a4 Rf1+ 0-1

[Event "Indywidualne Mistrzostwa Polski Juniorek - D16"]
[Site "Szczyrk"]
[Date "2013-03-19"]
[Round "4.4"]
[White "Dadello, Aleksandra"]
[Black "Jaskiewicz, Kamila"]
[Result "1-0"]
[WhiteTitle "I++"]
[BlackTitle "I"]
[WhiteElo "1909"]
[BlackElo "1663"]

1. e4 c5 2. Nf3 e6 3. d4 cxd4 4. Nxd4 a6 5. Bd3 Qc7 6. O-O Nf6 7. Qe2 d6 8. c4
Nbd7 9. Nd2 Be7 10. Kh1 O-O 11. f4 Rd8 12. N4f3 Nf8 13. Re1 b6 14. Nf1 Bb7 15.
Bd2 Rac8 16. Rac1 Qb8 17. Ng3 Rc7 18. Be3 Ba8 19. h3 N6d7 20. f5 Nc5 21. Bb1 exf5
22. exf5 a5 23. Nd4 Rcd7 24. Qg4 Bf6 25. Nh5 Be5 26. Bh6 g6 27. Rxe5 dxe5 28.
Nf6+ Kh8 29. Nxd7 Ncxd7 30. Ne2 Nf6 31. Qh4 Qd6 32. Bg5 Kg7 33. Nc3 Re8 34. Qh6+
Kg8 35. Rd1 Qc6 36. Nd5 Nh5 37. Kh2 f6 38. Be4 Qxc4 39. Nxf6+ Nxf6 40. Bxf6 Qf7
41. Bxa8 Qxf6 42. Bd5+ Kh8 43. Rf1 Qg7 44. Qxg7+ Kxg7 45. f6+ Kh6 46. h4 g5 47.
Bf7 Rc8 48. Rf5 Ng6 49. hxg5+ Kh5 50. Kh3 1-0

[Event "Indywidualne Mistrzostwa Polski Juniorek - D16"]
[Site "Szczyrk"]
[Date "2013-03-19"]
[Round "4.5"]
[White "Burakowska, Gabriela"]
[Black "Murawko, Katarzyna"]
[Result "0-1"]
[WhiteTitle "I"]
[BlackTitle "I++"]
[WhiteElo "1648"]
[BlackElo "1873"]

1. d4 Nf6 2. Nf3 d6 3. Bf4 g6 4. c4 Nbd7 5. Nc3 Bg7 6. e4 O-O 7. Qd2 c5 8. d5 Qa5
9. Bd3 Ng4 10. O-O a6 11. Be2 Nge5 12. Nxe5 Nxe5 13. Bh6 Bxh6 14. Qxh6 Qb4 15.
f4 Nxc4 16. Bxc4 Qxc4 17. Rad1 f5 18. e5 Rf7 19. Rfe1 dxe5 20. fxe5 e6 21. Re3
Bd7 22. Rh3 Qb4 23. b3 Re8 24. d6 c4 25. Ne2 Rc8 26. Kh1 Qb5 27. Qe3 cxb3 28.
axb3 Rc5 29. Nd4 Qa5 30. Re1 Rd5 31. Rh4 f4 32. Qf2 Rxd4 33. Rc1 Qxe5 0-1

[Event "Indywidualne Mistrzostwa Polski Juniorek - D16"]
[Site "Szczyrk"]
[Date "2013-03-19"]
[Round "4.6"]
[White "Binkowska, Agata"]
[Black "Maruszczak, Joanna"]
[Result "0-1"]
[WhiteTitle "I"]
[BlackTitle "I++"]
[WhiteElo "1637"]
[BlackElo "1803"]

1. d4 Nf6 2. e3 g6 3. Nf3 Bg7 4. b3 O-O 5. Bb2 d6 6. Bd3 Nc6 7. O-O Nd7 8. a3 e5
9. d5 Ne7 10. c4 f5 11. Ng5 Nf6 12. f3 h6 13. Nh3 Bd7 14. Nc3 Nh5 15. f4 e4 16.
Be2 Qe8 17. Bxh5 gxh5 18. Qd2 Kh7 19. Ne2 Rg8 20. Kh1 Qg6 21. Rg1 h4 22. b4 b6
23. Rac1 a5 24. b5 Bxb2 25. Qxb2 Rg7 26. Nd4 Ng8 27. Qf2 Qh5 28. Qe2 Qf7 29. Qe1
Qe7 30. Rc2 Rf8 31. Rb2 Rff7 32. Rc2 Rg6 33. Rb2 Rfg7 34. Rc2 Qf6 35. Qe2 Ne7
36. Qf1 Rg8 37. Qe2 R6g7 38. Qd1 Ng6 39. Qh5 Nf8 40. Ng5+ Kh8 41. Qxh4 Nh7 42.
Nf7+ Rxf7 43. Qxf6+ Nxf6 44. Re2 Rfg7 45. Nb3 Rg4 46. Nd2 Be8 47. Nf1 Nd7 48.
Ng3 Rf8 49. Rc2 Nc5 50. Rb2 Nd3 51. Rd2 h5 52. Ra1 h4 53. Nf1 Rfg8 54. Rc2 Bh5
55. Rd2 Rxg2 56. Rxg2 Bf3 57. Ng3 hxg3 58. h3 Nf2+ 0-1

[Event "Indywidualne Mistrzostwa Polski Juniorek - D16"]
[Site "Szczyrk"]
[Date "2013-03-19"]
[Round "4.7"]
[White "Wojna, Ewelina"]
[Black "Lascar, Radoslawa"]
[Result "1/2-1/2"]
[WhiteTitle "II+"]
[BlackTitle "I"]
[WhiteElo "1572"]
[BlackElo "1728"]

1. d4 Nf6 2. Nf3 e6 3. c4 b6 4. Nc3 Bb4 5. a3 Bxc3+ 6. bxc3 Bb7 7. Bg5 h6 8. Bh4
O-O 9. e3 d6 10. Bd3 Nbd7 11. O-O e5 12. Nd2 Re8 13. Bf5 Nf8 14. Qc2 d5 15. dxe5
Rxe5 16. Nf3 Re8 17. cxd5 g5 18. Bg3 Bxd5 19. Rfd1 Qe7 20. c4 Be4 21. Bxe4 Nxe4
22. a4 Ng6 23. Nd2 Nc5 24. a5 Rad8 25. axb6 cxb6 26. Nb3 Ne4 27. Nd2 Nxg3 28.
hxg3 Ne5 29. Nf3 Nxf3+ 30. gxf3 Qc7 31. Qa4 a5 32. Rd4 Rxd4 33. exd4 Rc8 34. Rc1
Qc6 35. Qa3 b5 36. Qxa5 bxc4 37. Rc3 Qc7 38. Qd5 Qc6 39. Qe5 Qc7 40. Qd5 Qc6 41.
Qf5 Qe6 42. Qe4 Qa6 43. Kg2 Qa5 44. Qe3 Qd5 1/2-1/2

[Event "Indywidualne Mistrzostwa Polski Juniorek - D16"]
[Site "Szczyrk"]
[Date "2013-03-19"]
[Round "4.8"]
[White "Kopica, Paulina"]
[Black "Lapa, Aleksandra"]
[Result "1-0"]
[WhiteTitle "I"]
[BlackTitle "I"]
[WhiteElo "1706"]
[BlackElo "1549"]

1. e4 c5 2. Nf3 Nc6 3. Nc3 d6 4. d4 cxd4 5. Nxd4 g6 6. Be2 Bg7 7. Nb3 Nf6 8. O-O
O-O 9. Bg5 h6 10. Bh4 Bd7 11. f4 a6 12. Bf3 Nh7 13. Qd2 Re8 14. Rad1 Be6 15. Rfe1
Rc8 16. Nd5 a5 17. c3 b5 18. Bf2 Bxd5 19. exd5 Nb8 20. Nd4 Qd7 21. f5 g5 22. Be2
Bxd4 23. Qxd4 Nf6 24. h4 g4 25. Bxg4 Rc4 26. Qd3 Rxg4 27. Bd4 h5 28. Qf3 Na6 29.
Qe2 Nxd5 30. Rf1 Nf4 31. Rxf4 Rxf4 32. Qxh5 f6 33. Qg6+ Kf8 34. Qh6+ Kf7 35. Qxf4
Rg8 36. Re1 Qb7 37. Qe4 Qd7 38. Qd5+ Kg7 39. Re3 Kh7 40. Qf7+ Rg7 41. Qh5+ Kg8
42. Bxf6 1-0

[Event "Indywidualne Mistrzostwa Polski Juniorek - D16"]
[Site "Szczyrk"]
[Date "2013-03-19"]
[Round "4.9"]
[White "Sokolowska, Anna"]
[Black "Jedrocha, Katarzyna"]
[Result "0-1"]
[WhiteTitle "I"]
[BlackTitle "I"]
[WhiteElo "1526"]
[BlackElo "1668"]

1. e4 d6 2. d4 Nf6 3. Nc3 g6 4. f3 Bg7 5. Be3 O-O 6. Qd2 c6 7. g4 b5 8. O-O-O b4
9. Nce2 Qa5 10. Kb1 Be6 11. Nc1 Nbd7 12. Nh3 Nb6 13. Nb3 Bxb3 14. cxb3 Rfc8 15.
Rc1 Nfd7 16. Bc4 c5 17. dxc5 Nxc5 18. Bd5 Rab8 19. Bh6 Qb5 20. Bxg7 Kxg7 21. Bc4
Nxc4 22. Rxc4 Ne6 23. Rhc1 Rc5 24. Rxc5 dxc5 25. Nf2 Rd8 26. Qe3 a5 27. f4 Nd4
28. Nd3 Ne6 29. Nxc5 Nxc5 30. Qxc5 Qd3+ 31. Qc2 Qe3 32. f5 Rd2 33. Qc4 Qf2 34.
Rc2 Qg1+ 35. Rc1 Qxh2 36. Rc2 Qg1+ 37. Rc1 Qf2 38. Rc2 Rxc2 39. Qxc2 Qe1+ 40.
Qc1 Qxe4+ 41. Ka1 Qxg4 42. fxg6 hxg6 43. Qe1 Qg5 44. a3 Qc5 45. axb4 axb4 46.
Qd2 g5 47. Qe2 e6 48. Qg4 Qa5+ 49. Kb1 Qf5+ 50. Qxf5 exf5 51. Kc1 g4 52. Kd1 g3
53. Ke2 f4 54. Kf3 Kf6 55. Kg2 Ke5 56. Kf3 Kd4 57. Ke2 g2 58. Kf2 f3 0-1

[Event "Indywidualne Mistrzostwa Polski Juniorek - D16"]
[Site "Szczyrk"]
[Date "2013-03-19"]
[Round "4.10"]
[White "Rudnik, Anna"]
[Black "Rogacka, Natalia"]
[Result "1-0"]
[WhiteTitle "I"]
[BlackTitle "II+"]
[WhiteElo "1593"]
[BlackElo "1484"]

1. e4 c5 2. Nf3 d6 3. d4 cxd4 4. Nxd4 Nf6 5. Nc3 a6 6. a4 Nc6 7. Be3 e6 8. Be2
Be7 9. O-O O-O 10. f4 Qc7 11. Nb3 Bd7 12. Bd3 Rfe8 13. g4 Kh8 14. g5 Ng8 15. Qh5
g6 16. Qh4 Bf8 17. Rf3 Qd8 18. a5 h5 19. Rh3 Nb4 20. Be2 Kg7 21. Bxh5 gxh5 22.
Qxh5 Be7 23. Qh8+ Kf8 24. Bb6 Qb8 25. Rh7 1-0

[Event "Indywidualne Mistrzostwa Polski Juniorek - D16"]
[Site "Szczyrk"]
[Date "2013-03-19"]
[Round "4.11"]
[White "Skrzypczak, Edyta"]
[Black "Kasperek, Kinga"]
[Result "1/2-1/2"]
[WhiteTitle "II+"]
[BlackTitle "I"]
[WhiteElo "1526"]
[BlackElo "1558"]

1. f4 c5 2. Nf3 g6 3. e3 Bg7 4. c3 Nc6 5. d4 cxd4 6. exd4 d5 7. Bd3 Nf6 8. O-O
O-O 9. Qe1 Qc7 10. Ne5 Ne8 11. Qh4 Nd6 12. g4 Bf6 13. Qg3 Bd7 14. h4 Bg7 15. Nd2
f5 16. Nxd7 Qxd7 17. g5 Ne4 18. Qh3 Rab8 19. Nxe4 dxe4 20. Bxe4 Nxd4 21. Bd3 Nc6
22. Bc4+ e6 23. Re1 Rfe8 24. Qe3 Kh8 25. Bb5 a6 26. Be2 e5 27. Qg3 e4 28. Be3
Qc7 29. h5 b5 30. Qh3 Kg8 31. Kf2 Rbd8 32. Rh1 Kf7 33. Rad1 Na5 34. Rxd8 Rxd8
35. Rd1 Rxd1 36. Bxd1 Nc4 37. hxg6+ hxg6 38. Bb3 Qd8 39. Qf1 Qd3 40. Qxd3 exd3
41. Bxc4+ bxc4 42. Bb6 Ke6 43. Ke3 Kd5 44. Ba5 1/2-1/2

[Event "Indywidualne Mistrzostwa Polski Juniorek - D16"]
[Site "Szczyrk"]
[Date "2013-03-19"]
[Round "4.12"]
[White "Kozaczynska, Aleksandra"]
[Black "Fraczek, Weronika"]
[Result "1-0"]
[WhiteTitle "I"]
[BlackTitle "II+"]
[WhiteElo "1552"]
[BlackElo "1435"]

1. e4 e6 2. d4 d5 3. exd5 exd5 4. Bd3 Nc6 5. c3 Bd6 6. Qf3 Be6 7. Ne2 Qf6 8. Nf4
Nge7 9. Be3 O-O-O 10. Nd2 h5 11. h3 Rdg8 12. O-O-O Bxf4 13. Bxf4 g5 14. Bh2 Qxf3
15. Nxf3 f6 16. Rde1 Bf7 17. Nd2 Kd7 18. Nb3 b6 19. Re2 Re8 20. Rhe1 Rc8 21. Bb5
Ng6 22. Na1 Rhe8 23. Nc2 Rxe2 24. Rxe2 a5 25. Bg3 f5 26. Be5 Re8 27. Ne1 Nf4 28.
Bxf4 Rxe2 29. Bxe2 gxf4 30. Nd3 h4 31. Nxf4 Ne7 32. Kd2 c5 33. Ke3 Kd6 34. g3
hxg3 35. fxg3 cxd4+ 36. cxd4 Ng8 37. Bd3 Nh6 38. Ng2 Ke6 39. Kf4 Kf6 40. Ne3 Be6
41. a3 b5 42. b4 axb4 43. axb4 Ng8 44. Nxf5 Bd7 45. g4 Ke6 46. g5 Bc6 47. h4 Bd7
48. h5 Kf7 49. h6 Bxf5 50. Bxf5 Ne7 51. g6+ Kf6 52. g7 Kf7 53. Ke5 Nc6+ 54. Kxd5
Nxb4+ 55. Kc5 1-0

[Event "Indywidualne Mistrzostwa Polski Juniorek - D16"]
[Site "Szczyrk"]
[Date "2013-03-19"]
[Round "4.13"]
[White "Szablicka, Magda"]
[Black "Ziemba, Magdalena"]
[Result "1-0"]
[WhiteTitle "II"]
[BlackTitle "I"]
[WhiteElo "1451"]
[BlackElo "1537"]

1. e4 e6 2. Qe2 c5 3. Nf3 Nc6 4. g3 Be7 5. Bg2 d5 6. e5 Nh6 7. d3 Nf5 8. c3 b5
9. g4 Nh4 10. Nxh4 Bxh4 11. O-O Be7 12. Rd1 Qc7 13. f4 b4 14. Be3 Rb8 15. cxb4
Nxb4 16. a3 Nc6 17. Qc2 O-O 18. d4 c4 19. Nc3 Na5 20. Rab1 Bd7 21. Qf2 Rb3 22.
Rdc1 f5 23. g5 Be8 24. Bf3 Bg6 25. h4 Qb8 26. h5 Be8 27. h6 g6 28. Bd1 Rb7 29.
Qd2 Nb3 30. Bxb3 Rxb3 31. Qc2 Qb7 32. Re1 Bc6 33. Bc1 Rb8 34. Kf1 Bxa3 35. bxa3
Rxb1 36. Nxb1 Qxb1 37. Qxb1 Rxb1 38. Bd2 Rb3 39. Bb4 Rf3+ 40. Ke2 Rxf4 41. Rb1
Re4+ 42. Kf2 Rxd4 43. Bc5 Rf4+ 44. Ke2 Re4+ 45. Kf2 Rxe5 46. Rb8+ Kf7 1-0

[Event "Indywidualne Mistrzostwa Polski Juniorek - D16"]
[Site "Szczyrk"]
[Date "2013-03-19"]
[Round "4.14"]
[White "Swiech, Zuzanna"]
[Black "Burdzy, Joanna"]
[Result "1/2-1/2"]
[WhiteTitle "II"]
[BlackTitle "I"]
[WhiteElo "1481"]
[BlackElo "1529"]

1. e4 e5 2. Nf3 Nc6 3. Nc3 Nf6 4. d4 exd4 5. Nxd4 Bb4 6. Nxc6 bxc6 7. Bd3 d5 8.
exd5 Bxc3+ 9. bxc3 Qe7+ 10. Qe2 Qxe2+ 11. Bxe2 cxd5 12. O-O O-O 13. Rd1 Be6 14.
Bf3 Rad8 15. Be3 a6 16. Bg5 Rd6 17. Bxf6 gxf6 18. a3 Rfd8 19. Be2 Rc6 20. c4 d4
21. c3 Bxc4 22. Bxc4 Rxc4 23. cxd4 Rcxd4 24. Rdc1 c5 25. g3 c4 26. Rab1 Rc8 27.
Rb6 c3 28. Kg2 c2 29. Rb2 Rd3 30. Rcxc2 Rxc2 31. Rxc2 Rxa3 32. Kf1 Ra1+ 33. Ke2
Ra3 34. h4 Kg7 35. Rb2 Rc3 36. Ra2 Rc6 37. Kd3 Kg6 38. Ra5 f5 39. Ra4 Rd6+ 40.
Ke3 Re6+ 41. Kf3 h5 42. Ra5 Kf6 43. Kf4 Kg6 44. Kf3 Rb6 45. Kf4 f6 46. Kf3 Rb4
47. Rxa6 1/2-1/2

[Event "Indywidualne Mistrzostwa Polski Juniorek - D16"]
[Site "Szczyrk"]
[Date "2013-03-19"]
[Round "4.15"]
[White "Czaplewska, Klara"]
[Black "Szczesniak, Zuzanna"]
[Result "1-0"]
[WhiteTitle "I++"]
[BlackTitle "II"]
[WhiteElo "1730"]
[BlackElo "1421"]

1. e4 c5 2. Nf3 e6 3. d4 cxd4 4. Nxd4 a6 5. Bd3 Nc6 6. Nxc6 dxc6 7. O-O e5 8. Nd2
Nf6 9. a4 Be6 10. Qf3 b5 11. Qg3 Bd6 12. axb5 cxb5 13. Rxa6 Rb8 14. Qxg7 Rg8 15.
Qh6 Rg6 16. Qe3 Ng4 17. Qe2 Bc5 18. Nf3 Nxf2 19. Rxf2 Bxf2+ 20. Qxf2 Qc7 21. Nxe5
Qxe5 22. Bf4 1-0

[Event "Indywidualne Mistrzostwa Polski Juniorek - D16"]
[Site "Szczyrk"]
[Date "2013-03-19"]
[Round "4.16"]
[White "Rudol, Matylda"]
[Black "Leszczewska, Edyta"]
[Result "1/2-1/2"]
[WhiteTitle "II+"]
[BlackTitle "II"]
[WhiteElo "1510"]
[BlackElo "1389"]

1. e4 e5 2. Nf3 Nc6 3. d4 exd4 4. Bc4 Bc5 5. Ng5 Nh6 6. Nxf7 Nxf7 7. Bxf7+ Kxf7
8. Qh5+ g6 9. Qxc5 Qe7 10. Qxe7+ Nxe7 11. O-O Re8 12. Nd2 d6 13. f4 Ng8 14. Nf3
c5 15. f5 Nf6 16. Ng5+ Kg7 17. fxg6 hxg6 18. Rf4 Bd7 19. Bd2 Bc6 20. Re1 Re7 21.
c3 Rae8 22. cxd4 cxd4 23. Ref1 Nxe4 24. Nxe4 Rxe4 25. Rf6 Re2 26. Rf7+ Kg8 27.
R7f2 d3 28. a3 Rxf2 29. Rxf2 Re2 30. Kf1 Rxf2+ 31. Kxf2 Be4 32. g3 Kf7 33. Ke3
d5 34. Bc3 Bf5 35. h4 Ke6 36. Bd4 a6 37. Bc3 Ke7 38. Kf2 Kd6 39. Ke3 Ke6 40. Bd2
Kd6 1/2-1/2

[Event "Indywidualne Mistrzostwa Polski Juniorek - D16"]
[Site "Szczyrk"]
[Date "2013-03-19"]
[Round "4.17"]
[White "Bebel, Agnieszka"]
[Black "Prokopowicz, Anna"]
[Result "0-1"]
[WhiteTitle "II+"]
[BlackTitle "I"]
[WhiteElo "1507"]
[BlackElo "1347"]

1. e4 c5 2. Nf3 e6 3. d4 cxd4 4. Nxd4 a6 5. c4 Qc7 6. Nc3 Nf6 7. Be2 b6 8. O-O
Bb7 9. f3 Be7 10. Be3 d6 11. Qd2 Nbd7 12. Rfd1 O-O 13. Rac1 Rac8 14. Bf1 Nc5 15.
Qf2 Rfd8 16. b4 Ncd7 17. Na4 Qb8 18. Nb3 Rc6 19. b5 axb5 20. cxb5 Rxc1 21. Rxc1
d5 22. exd5 Nxd5 23. Nxb6 Nxe3 24. Nxd7 Rxd7 25. Qxe3 Bd6 26. g3 Qa8 27. Nc5 Rd8
28. Nxb7 Qxb7 29. Rc6 Be7 30. a4 Bf6 31. Qc1 Qa7+ 32. Kh1 Qf2 33. Bg2 Rd2 34.
Qf1 Qd4 35. Rc4 Qd6 36. Rc1 h6 37. f4 Bd8 38. h4 Qd4 39. Qe1 Qb2 40. Bf3 Rh2+
41. Kg1 Bb6+ 0-1

[Event "Indywidualne Mistrzostwa Polski Juniorek - D16"]
[Site "Szczyrk"]
[Date "2013-03-19"]
[Round "4.19"]
[White "Wicikowska, Agata"]
[Black "Jasiak, Katarzyna"]
[Result "1-0"]
[WhiteTitle "I"]
[BlackTitle "II"]
[WhiteElo "1495"]
[BlackElo "1213"]

1. e4 e5 2. Nf3 Nc6 3. Bc4 Bc5 4. Nc3 d6 5. h3 Nf6 6. d3 Be6 7. Bb3 d5 8. exd5
Nxd5 9. Nxd5 Bxd5 10. O-O O-O 11. Re1 Bxf3 12. Qxf3 Rb8 13. Be3 Bxe3 14. Qxe3
Qf6 15. c3 a6 16. Re2 Rfe8 17. Rae1 Re7 18. Bd5 Rbe8 19. Qe4 h6 20. Bxc6 Qxc6
21. Qxc6 bxc6 22. f4 f6 23. fxe5 Rxe5 24. Rxe5 Rxe5 25. Rxe5 fxe5 26. Kf2 Kf7
27. Ke3 c5 28. Ke4 Ke6 29. h4 h5 30. g3 g6 31. b3 c6 32. a3 a5 33. Ke3 Kf5 34.
Kf3 g5 35. b4 g4+ 36. Ke3 cxb4 37. cxb4 a4 38. Ke2 Ke6 39. Kd2 Kd5 40. Ke3 Ke6
41. Ke4 Kf6 42. d4 exd4 43. Kxd4 Ke6 44. Kc5 Kd7 45. b5 cxb5 46. Kxb5 Kc7 47.
Kxa4 Kb6 48. Kb4 Ka6 49. Kc4 Ka5 50. Kd5 Ka4 51. Ke5 Kxa3 52. Kf5 Kb3 53. Kg5
Kc3 54. Kxh5 Kd4 55. Kxg4 Ke5 56. Kg5 1-0

[Event "Indywidualne Mistrzostwa Polski Juniorek - D16"]
[Site "Szczyrk"]
[Date "2013-03-19"]
[Round "4.20"]
[White "Kotula, Magdalena"]
[Black "Rynkiewicz, Natalia"]
[Result "1/2-1/2"]
[WhiteTitle "I"]
[BlackTitle "II"]
[WhiteElo "1520"]
[BlackElo "1357"]

1. e4 c5 2. c4 e6 3. Nc3 a6 4. Nge2 Nc6 5. d4 cxd4 6. Nxd4 d6 7. Be2 Nf6 8. Nxc6
bxc6 9. Be3 c5 10. O-O Bb7 11. Qa4+ Qd7 12. Qxd7+ Kxd7 13. f3 Bc6 14. Rfd1 Kc7
15. Rd2 Be7 16. Rad1 Rhd8 17. Bd3 Rab8 18. b3 Nd7 19. Bb1 Nb6 20. Bf4 e5 21. Bg3
f6 22. Bf2 Rd7 23. a4 Nc8 24. Ba2 Na7 25. Nd5+ Bxd5 26. Rxd5 Rbd8 27. b4 Nc6 28.
b5 Nb4 29. R5d2 a5 30. Kf1 Kb6 31. Bb1 Bf8 32. Bd3 Be7 33. Be2 g6 34. Bh4 g5 35.
Bf2 h5 36. g3 Rh8 37. Ke1 Rdd8 38. h3 Kc7 39. Bf1 Rhg8 40. Bg2 Rgf8 41. Be3 Rg8
42. Bh1 Rh8 43. Rh2 Rh7 44. f4 Rhh8 45. Rdd2 Rdf8 46. f5 Rd8 47. g4 h4 48. Rd1
Rd7 49. Bc1 Rhd8 50. Rhd2 Kb6 51. Bf3 Ra7 52. Be2 Rad7 53. Bd3 Ra7 54. Bb1 Rad7
55. Ba2 Ra7 56. Bb3 Rb7 57. Ba3 Rc7 58. Bxb4 cxb4 59. Rd5 Rc5 60. Ke2 Rxd5 61.
Rxd5 Rc8 62. Ke3 Rc5 63. Rd1 Bf8 64. Rd5 Be7 65. Rxc5 Kxc5 1/2-1/2

[Event "Indywidualne Mistrzostwa Polski Juniorek - D16"]
[Site "Szczyrk"]
[Date "2013-03-19"]
[Round "4.21"]
[White "Kowacz, Agnieszka"]
[Black "Mielczarek, Joanna"]
[Result "0-1"]
[WhiteTitle "II"]
[BlackTitle "I"]
[WhiteElo "1378"]
[BlackElo "1470"]

1. e4 e5 2. d4 exd4 3. Qxd4 Nc6 4. Qe3 Nf6 5. f3 d6 6. b3 g6 7. Bb2 Bg7 8. Nc3
O-O 9. Bb5 Nb4 10. Qd2 a6 11. Bd3 Re8 12. Nge2 Nxd3+ 13. cxd3 d5 14. O-O dxe4
15. fxe4 Bg4 16. Ng3 Qd4+ 17. Kh1 Rad8 18. Nd5 Nxe4 19. Nxc7 Nxd2 20. Bxd4 Nxf1
21. Bxg7 Nxg3+ 22. hxg3 Kxg7 23. Nxe8+ Rxe8 24. Rc1 Re7 25. d4 Rd7 26. Rc4 Kf6
27. Kg1 Be2 28. Rc2 Bb5 29. a4 Bc6 30. Rd2 Kf5 31. Rf2+ Ke4 32. Rf4+ Ke3 33. Kh2
Be4 34. Rh4 h5 35. g4 hxg4 36. Rxg4 Kxd4 0-1

[Event "Indywidualne Mistrzostwa Polski Juniorek - D16"]
[Site "Szczyrk"]
[Date "2013-03-19"]
[Round "4.22"]
[White "Rolka, Anna"]
[Black "Ostrowska, Joanna"]
[Result "0-1"]
[WhiteTitle "II"]
[BlackTitle "II+"]
[WhiteElo "1491"]
[BlackElo "1541"]

1. d4 d5 2. Nf3 Nf6 3. e3 e6 4. Bd3 c5 5. b3 Nbd7 6. Bb2 a6 7. Nbd2 Qc7 8. O-O
Bd6 9. c4 dxc4 10. Nxc4 Be7 11. Nce5 O-O 12. Rc1 Qb8 13. Nxd7 Nxd7 14. dxc5 Nxc5
15. Be5 Qa7 16. Bb1 f6 17. Bd4 e5 18. Bxc5 Bxc5 19. Qd5+ Kh8 20. Qxc5 Qxc5 21.
Rxc5 Be6 22. Rfc1 Bg8 23. Be4 Rab8 24. Bd5 b6 25. Bxg8 bxc5 26. Bc4 Rb6 27. Rd1
Rc8 28. g3 h6 29. Rd5 g5 30. Kg2 a5 31. a4 Rbc6 32. Bb5 R6c7 33. Nd2 Kg7 34. Nc4
Ra8 35. Nd6 Kf8 36. Ne4 Ke7 37. Rxc5 Rxc5 38. Nxc5 h5 39. Ne4 Rh8 40. h3 Rc8 41.
Bc4 Rc6 42. Kf1 g4 43. h4 f5 44. Ng5 Rf6 45. Ke2 f4 46. exf4 exf4 47. gxf4 Rxf4
48. Ke3 Rf5 49. Bf7 Rxg5 50. hxg5 Kxf7 51. g6+ Kxg6 52. Kf4 Kf6 53. f3 gxf3 54.
Kxf3 Ke5 0-1